Building contracts: including a commentary on the J.C.T. Standard Form of Building Contract. With a commentary on the I.C.E. conditions of Contract by John Uff (Record no. 85495)

MARC details
000 -LEADER
fixed length control field 00591cam a2200205 4500
001 - CONTROL NUMBER
control field D6314
008 - FIXED-LENGTH DATA ELEMENTS--GENERAL INFORMATION
fixed length control field 090401t1978 xxu||||| |||| 00| 0 eng d
035 ## - SYSTEM CONTROL NUMBER
System control number (Sirsi) u232
041 ## - LANGUAGE CODE
Language code of text/sound track or separate title eng
050 ## - LIBRARY OF CONGRESS CALL NUMBER
Classification number 692.8
100 ## - MAIN ENTRY--PERSONAL NAME
Personal name Keating, D.
245 ## - TITLE STATEMENT
Title Building contracts: including a commentary on the J.C.T. Standard Form of Building Contract. With a commentary on the I.C.E. conditions of Contract by John Uff
250 ## - EDITION STATEMENT
Edition statement 4th
260 ## - PUBLICATION, DISTRIBUTION, ETC.
Place of publication, distribution, etc. London
Name of publisher, distributor, etc. Sweet and Maxwell
Date of publication, distribution, etc. 1978
300 ## - PHYSICAL DESCRIPTION
Extent lix. 660p. 25cm
350 ## - PRICE (NR) (BK AM CF MU VM SE) [OBSOLETE]
Price 19
520 ## - SUMMARY, ETC.
Summary, etc. Shelf 314
942 ## - ADDED ENTRY ELEMENTS (KOHA)
Suppress in OPAC 0
948 ## - LOCAL PROCESSING INFORMATION (OCLC); SERIES PART DESIGNATOR (RLIN)
c (OCLC) 04/03/1997
Holdings
Withdrawn status Lost status Source of classification or shelving scheme Damaged status Not for loan Home library Current library Shelving location Date acquired Cost, normal purchase price Total Checkouts Full call number Barcode Date last seen Copy number Cost, replacement price Price effective from Koha item type
    Other/Generic Classification Scheme     London London Basement 14/09/1999 19.00   SHELF 314 30008027 06/08/2019 1 19.00 06/08/2019 Reference material